US East Coast State Capitals - Statistics

General Stats
  • This quiz has been taken 149 times
  • The average score is 10 of 14
Answer Stats
State Capital % Correct
New York Albany
86%
Maine Augusta
84%
Massachusetts Boston
82%
Georgia Atlanta
80%
Rhode Island Providence
76%
Florida Tallahassee
71%
New Jersey Trenton
71%
New Hampshire Concord
69%
Delaware Dover
67%
Virginia Richmond
63%
Maryland Annapolis
61%
North Carolina Raleigh
61%
Connecticut Hartford
59%
South Carolina Columbia
47%
No matching quizzes found
Score Distribution
Percent of People with Each Score
Percentile by Number Answered
Your Score History
You have not taken this quiz